000 00428nam a2200181Ia 4500
001 4614
005 20260306145809.0
008 260306t1951||||xx |||||||||||||| ||spa||
041 _aESP
082 _a327.73047
_bK41
100 _aKennan, George F.
_eAUT
245 0 _aAmerican diplomacy 1900-1950
260 _c1951
300 _aix, 154 páginas :
_c21 cm.
650 _aGEN
654 _aCHU
942 _cLIB
_dJUS
_fJUS
_2ddc
_n
999 _c4614
_d4614